000 00702nam a2200253 i 4500
001 bg
100 1 _aGARDOCKI, Lech
_d(1944- )
245 1 0 _aPrawo karne /
_cLech Gardocki.
250 _a5. wyd. zm. i rozsz.
260 _aWarszawa :
_bWydaw. C. H. Beck,
_c1999.
300 _aXXII, [2], 327 s. ;
_c21 cm.
490 1 _aPodręczniki Prawnicze
504 _aBibliogr. s. [XXIII].
650 9 _aPrawo karne
_zPolska
_ystan na 1999 r.
655 _aPodręczniki akademickie
830 _aPodręczniki Prawnicze
020 _a8371104820
040 _cBPK
041 0 _apl
080 _a343(438)(075.8)
920 _a83-7110-482-0
942 _cKS
008 s pl f |000 0 pol
999 _c35984
_d35984
856 _uhttp://koha.tu.koszalin.pl/cgi-bin/koha/opac-detail.pl?biblionumber=35984
_yKatalog online BPK